Library Logo

Pioneer International University Library Catalogue

VOICES FROM THE CAMPS: (Record no. 9854)

MARC details
000 -LEADER
fixed length control field 00472nam a22001577a 4500
003 - CONTROL NUMBER IDENTIFIER
control field OSt
005 - DATE AND TIME OF LATEST TRANSACTION
control field 20251202083931.0
008 - FIXED-LENGTH DATA ELEMENTS--GENERAL INFORMATION
fixed length control field 251202b |||||||| |||| 00| 0 eng d
020 ## - INTERNATIONAL STANDARD BOOK NUMBER
International Standard Book Number 0531111792
040 ## - CATALOGING SOURCE
Transcribing agency FRANKLIN WATTS
050 ## - LIBRARY OF CONGRESS CALL NUMBER
Classification number D 769.8 .B73 1994
Item number .B73 1994
245 ## - TITLE STATEMENT
Title VOICES FROM THE CAMPS:
Remainder of title INTERNMENT OF JAPANESE AMERICANS DURING WORLD WAR II/
Statement of responsibility, etc. BRIMNER, LARRY DANE
250 ## - EDITION STATEMENT
Edition statement 1ST EDITION
260 ## - PUBLICATION, DISTRIBUTION, ETC.
Place of publication, distribution, etc. LONDON:
Name of publisher, distributor, etc. FRANKLIN WATTS,
Date of publication, distribution, etc. 1994
942 ## - ADDED ENTRY ELEMENTS (KOHA)
Source of classification or shelving scheme Library of Congress Classification
Koha item type Books
Suppress in OPAC No
Holdings
Withdrawn status Lost status Source of classification or shelving scheme Damaged status Not for loan Home library Current library Date acquired Total checkouts Barcode Date last seen Price effective from Koha item type
    Library of Congress Classification     PIU Library PIU Library 12/02/2025   PIUDL868 12/02/2025 12/02/2025 Books